000 00677nam a2200241Ia 4500
001 3054
003 GE_BSU
008 181216s||||||||xx |||||||||||||| ||und||
020 _a5721800844
040 _cGE_BSU
080 _a330.1(075.8)
245 _aТеория переходной экономики.
245 _bМакроэкономика:Учебное пособие
245 _cПод. ред. Е.В. Красниковой
250 _aТ.2.
260 _aМосква
260 _bТЕИС
260 _c1998
300 _a231 с. 20 см.
541 _h5 л. 90 т.
653 _aтеория переходной экономики
942 _cBK
999 _c37098
_d37098